ბათუმის შოთა რუსთაველის სახელმწიფო უნივერსიტეტის ბიბლიოთეკა

Основные процесы и аппараты химической технологии. (ბიბ.ჩანაწერი № 41288)

000 -LEADER
fixed length control field 00769nam a2200229Ia 4500
001 - CONTROL NUMBER
control field 7945
003 - CONTROL NUMBER IDENTIFIER
control field GE_BSU
008 - FIXED-LENGTH DATA ELEMENTS--GENERAL INFORMATION
fixed length control field 181216s||||||||xx |||||||||||||| ||und||
040 ## - CATALOGING SOURCE
Transcribing agency GE_BSU
080 ## - UNIVERSAL DECIMAL CLASSIFICATION NUMBER
Universal Decimal Classification number 66.0(075)
100 ## - MAIN ENTRY--PERSONAL NAME
Personal name Касаткин,А.Г.
245 ## - TITLE STATEMENT
Title Основные процесы и аппараты химической технологии.
245 ## - TITLE STATEMENT
Statement of responsibility, etc. Ред.М.М.Ратманский.
250 ## - EDITION STATEMENT
Edition statement Издание восьое, переработанное.
260 ## - PUBLICATION, DISTRIBUTION, ETC.
Place of publication, distribution, etc. М.
260 ## - PUBLICATION, DISTRIBUTION, ETC.
Name of publisher, distributor, etc. Химия.
260 ## - PUBLICATION, DISTRIBUTION, ETC.
Date of publication, distribution, etc. 1971.
300 ## - PHYSICAL DESCRIPTION
Extent 784 стр. 25см.
300 ## - PHYSICAL DESCRIPTION
Accompanying material 5 табл. 170 библиогр.ссылок.
653 ## - INDEX TERM--UNCONTROLLED
Uncontrolled term Основные процесы и аппараты химической технологии.
942 ## - ADDED ENTRY ELEMENTS (KOHA)
Koha item type წიგნი
ეგზემპლარები
Withdrawn status Lost status Damaged status Not for loan Date acquired Barcode Date last seen Price effective from Koha item type
        2018-12-17 9615 2018-12-17 2018-12-17 წიგნი